Project Manager for a Construction Project (Record no. 104522)
[ view plain ]
| 000 -LEADER | |
|---|---|
| fixed length control field | 00962cam a2200265 4500 |
| 001 - CONTROL NUMBER | |
| control field | ##L130704 |
| 008 - FIXED-LENGTH DATA ELEMENTS--GENERAL INFORMATION | |
| fixed length control field | 050825n2004 000 0 eng u |
| 020 ## - INTERNATIONAL STANDARD BOOK NUMBER | |
| International Standard Book Number | 1859461506 |
| 035 ## - SYSTEM CONTROL NUMBER | |
| System control number | (Sirsi) u130704 |
| 041 0# - LANGUAGE CODE | |
| Language code of text/sound track or separate title | eng |
| 050 04 - LIBRARY OF CONGRESS CALL NUMBER | |
| Classification number | 692.8 $2 18 |
| 110 2# - MAIN ENTRY--CORPORATE NAME | |
| Corporate name or jurisdiction name as entry element | Royal Institute of British Architects |
| 9 (RLIN) | 2527 |
| 240 10 - UNIFORM TITLE | |
| Uniform title | PM/99 |
| 245 ## - TITLE STATEMENT | |
| Title | Project Manager for a Construction Project |
| Remainder of title | Form of Appointment |
| 250 ## - EDITION STATEMENT | |
| Edition statement | Rev. ed. |
| 260 ## - PUBLICATION, DISTRIBUTION, ETC. | |
| Place of publication, distribution, etc. | London |
| Name of publisher, distributor, etc. | RIBA Publications |
| Date of publication, distribution, etc. | 2004 |
| 300 ## - PHYSICAL DESCRIPTION | |
| Extent | 16p |
| Dimensions | 30cm. |
| 350 ## - PRICE (NR) (BK AM CF MU VM SE) [OBSOLETE] | |
| Price | 9.50 |
| 490 #0 - SERIES STATEMENT | |
| Series statement | RIBA Form of Appointment for a Project Manager (1999 Edition) |
| Volume/sequential designation | 2004 Revision |
| 520 ## - SUMMARY, ETC. | |
| Summary, etc. | Contains draft forms appropriate for a range of projects where a client wishes to appoint a Project Manager to provide a management service and/or other professional services. |
| 650 24 - SUBJECT ADDED ENTRY--TOPICAL TERM | |
| Topical term or geographic name entry element | RIBA FORM OF APPOINTMENT AS A PROJECT MANAGER (1999 EDITION) |
| 690 ## - LOCAL SUBJECT ADDED ENTRY--TOPICAL TERM (OCLC, RLIN) | |
| Topical term or geographic name as entry element | Project management |
| 9 (RLIN) | 6261 |
| 942 ## - ADDED ENTRY ELEMENTS (KOHA) | |
| Suppress in OPAC | 0 |
| Withdrawn status | Lost status | Source of classification or shelving scheme | Damaged status | Not for loan | Home library | Current library | Shelving location | Date acquired | Cost, normal purchase price | Total Checkouts | Full call number | Barcode | Date last seen | Date last checked out | Copy number | Cost, replacement price | Price effective from | Koha item type |
|---|---|---|---|---|---|---|---|---|---|---|---|---|---|---|---|---|---|---|
| Dewey Decimal Classification | London | London | Basement | 08/09/2005 | 11.16 | 2 | BASEMENT | 30071315 | 06/08/2019 | 24/05/2006 | 1 | 11.16 | 06/08/2019 | Book |